Widok standardowy
Widok MARC
Pozycja Personal Name
Liczba rekordów, w których użyto hasła: 1
001 - Numer kontrolny
- control field: 39987
003 - Identyfikator numeru kontrolnego
- control field: NUKAT
005 - Data i czas ostatniej modyfikacji
- control field: 20260414120636.0
008 - Dane kontrolne kodowane (40 znaków)
- fixed length control field: 201215 ||a|znnbabn |a ana |c
010 ## - Numer kontrolny Biblioteki Kongresu
- numer kontrolny LC: s 2020309023
040 ## - Instytucja sporządzająca rekord
- inst. przygot. dane do rek. khw: KR PAU/KW
- język haseł przedmiotowych/tezaurus: kaba
- inst. wprow. rek. khw: KR PAU/KW
083 #4 - DEWEY DECIMAL CLASSIFICATION NUMBER
- pojed. symbol lub pocz. z zakr. symboli: 000
- określenie wyjaśniające: Wiedza i erudycja. Muzea
100 3# - Hasło - nazwa osobowa
- nazwa osobowa w formie ujednoliconej: Lehndorff
- dopowiedzenie inne niż daty biograficzne: (rodzina).
400 3# - Trop zob. - nazwa osobowa
- nazwa osobowa (nazwisko, imiona): Rodzina Lehndorffów.
400 3# - Trop zob. - nazwa osobowa
- nazwa osobowa (nazwisko, imiona): Lehndorffowie (rodzina).
400 3# - Trop zob. - nazwa osobowa
- nazwa osobowa (nazwisko, imiona): Lendorfowie (rodzina).
400 3# - Trop zob. - nazwa osobowa
- nazwa osobowa (nazwisko, imiona): Rodzina Lendorfów.
400 3# - Trop zob. - nazwa osobowa
- nazwa osobowa (nazwisko, imiona): Lendorf (rodzina).
670 ## - Źródło informacji
- źródło informacji: KABA
670 ## - Źródło informacji
- źródło informacji: Akta procesowe Lendorfów i Konstantynowiczów z Szpilowskimi i Zapolskimi z lat 1600-1701. - 1600-1701.
670 ## - Źródło informacji
- źródło informacji: pl.wikipedia, 15.12.20
- gdzie znaleziono informację: (wschodniopruska rodzina arystokratyczna związana ze Sztynortem)
- adres internetowy: https://pl.wikipedia.org/wiki/Lehndorff